[Event "Vadsosjakken op"]
[Site "Vadso"]
[Date "2006.08.27"]
[Round "4"]
[White "Hoftaniska, Thor Erik"]
[Black "Walseth, Tron"]
[Result "0-1"]
[WhiteElo "1651"]
[BlackElo "1879"]
[PlyCount "80"]
[EventDate "2006.08.25"]
[EventType "swiss"]
[EventRounds "5"]
[EventCountry "NOR"]
[SourceTitle "EXT 2007"]
[Source "ChessBase"]
[SourceDate "2006.11.23"]
[SourceVersion "1"]
[SourceVersionDate "2006.11.23"]
[SourceQuality "1"]

1. e4 c5 2. Nf3 d6 3. g3 Nf6 4. Nc3 a6 5. a4 g6 6. d4 cxd4 7. Nxd4 Bg7 8. Bg2 0-0 9. 0-0 Qc7 10. Nd5 Nxd5 11. exd5 e5 12. dxe6 fxe6 13. Ra3 Nc6 14. Ne2 Ne5 15. b3 Bd7 16. Nd4 Qc5 17. Bxb7 Rab8 18. Bg2 Rbc8 19. Ra2 Nf7 20. Nf3 Qc7 21. c4 Bc6 22. Nd4 Bxg2 23. Nxe6 Qc6 24. Nxf8 Bxf1 25. Qxf1 Rxf8 26. Be3 Ne5 27. f4 Ng4 28. Bf2 Nxf2 29. Qxf2 Qc5 30. Qxc5 dxc5 31. Re2 Kf7 32. Kg2 Re8 33. Rd2 Bd4 34. b4 Bc3 35. Rd7+ Re7 36. Rd6 cxb4 37. Rxa6 b3 38. Rb6 b2 39. a5 Ra7 40. a6 Rxa6 0-1

[Event "Vadsosjakken op"]
[Site "Vadso"]
[Date "2006.08.25"]
[Round "1"]
[White "Feoktistov, Alexey A"]
[Black "Walseth, Tron"]
[Result "1-0"]
[WhiteElo "2421"]
[BlackElo "1879"]
[PlyCount "35"]
[EventDate "2006.08.25"]
[EventType "swiss"]
[EventRounds "5"]
[EventCountry "NOR"]
[SourceTitle "EXT 2007"]
[Source "ChessBase"]
[SourceDate "2006.11.23"]
[SourceVersion "1"]
[SourceVersionDate "2006.11.23"]
[SourceQuality "1"]

1. e4 c5 2. c3 d5 3. exd5 Qxd5 4. d4 g6 5. Nf3 Bg7 6. dxc5 Qxc5 7. Be3 Qc7 8. Be2 Bd7 9. 0-0 b5 10. Nd4 a6 11. Bf3 Nc6 12. a4 e5 13. Nxc6 Bxc6 14. axb5 e4 15. bxc6 exf3 16. Re1 Ne7 17. Bc5 Be5 18. Qd7+ 1-0